000 00492nam a2200121Ia 4500
008 171212s9999 xx 000 0 und d
020 _a9780833040275
100 _aGlenn, Russell W.;Glenn, Russell W.
245 _cGlenn, Russell W.;Glenn, Russell W.
_aCounterinsurgency in a Test Tube
_bAnalyzing the Success of the Regional Assistance Mission to Solomon Islands (RAMSI)
260 _bRAND Corporation
_c2007
650 _aPolitical Science
856 _uwww.jstor.org/stable/10.7249/mg551jfcom
999 _c351903
_d351903